000 01179nam a2200325 i 4500
003 EG-GICUC
005 20260418081130.0
008 260418s1925 fr fr|||| 00| 0 fre d
040 _aEG-GiCUC
_bfre
_cEG-GiCUC
_dEG-GiCUC
_eRda
041 _afre
082 0 4 _221
_a 343
_bRE . M
092 0 4 _221
099 _aLaw1 10 343 RE . M 1925
100 1 _a Foignet, René.
_eAuteur
245 1 0 _a Manuel élémentaire de droit criminel :
_ba l'usage des étudiants en droit de deuxième année, suivi d'un résumé en tableaux synoptiques et d'un recueil méthodique des principales questions d'examen /
_c par René Foignet , Émile Dupont.
250 _a Neuvième édition.
264 _a Paris :
_b Librairie Arthur Rousseau,
_c1925.
300 _a452page ;
_c24 cm.
336 _2rda contenu
_a texte
337 _2rda medias
_aOrdinateur
338 _2 transporteur rda
_a Ressource en ligne
546 _aTexte en français
650 1 _aDroit pénal
_2qrmak
650 1 _aDroit Criminel
651 1 _2qrmak
700 1 _aDupont, Émile.
_eCo-Auteur
856 4 0 _uhttps://fll.law.cu.edu.eg/fulltext/bks/B10-01161.pdf
905 _a167
942 _2ddc
_cBK
_e21
_n0
999 _c71579
_d71579